Rugrats Last Names - Statistics

General Stats
  • This quiz has been taken 19 times
  • The average score is 7 of 8
Answer Stats
Hint Answer % Correct
Tommy Pickles
100%
Dil Pickles
100%
Angelica Pickles
100%
Susie Carmichael
85%
Chuckie Finster
85%
Kimi Finster
85%
Phil Deville
69%
Lillian Deville
69%
No matching quizzes found
Score Distribution
Percent of People with Each Score
Percentile by Number Answered
Your Score History
You have not taken this quiz